RESEARCH METHODOLOGY (Record no. 6358)
[ view plain ]
| 000 -LEADER | |
|---|---|
| fixed length control field | 00332nam a2200145Ia 4500 |
| 003 - CONTROL NUMBER IDENTIFIER | |
| control field | SGT |
| 082 ## - DEWEY DECIMAL CLASSIFICATION NUMBER | |
| Classification number | 1.4 |
| Item number | KUM |
| 100 ## - MAIN ENTRY--PERSONAL NAME | |
| Personal name | KUMAR,RANJIT |
| 245 ## - TITLE STATEMENT | |
| Title | RESEARCH METHODOLOGY |
| 250 ## - EDITION STATEMENT | |
| Edition statement | 2nd Ed. |
| 260 ## - PUBLICATION, DISTRIBUTION, ETC. (IMPRINT) | |
| Name of publisher, distributor, etc | PEARSON |
| Place of publication, distribution, etc | NEW DELHI |
| Year of Publication | 2006 |
| 300 ## - PAGE DESCRIPTION | |
| No. of Pages | 332p. |
| 650 ## - SUBJECT ADDED ENTRY--TOPICAL TERM | |
| Topical term or geographic name as entry element | RESEARCH METHODOLOGY, RESEARCH ANALYSIS |
| 942 ## - ADDED ENTRY ELEMENTS (KOHA) | |
| Source of classification or shelving scheme | Dewey Decimal Classification |
| Koha item type | FCM Books |
| 942 ## - ADDED ENTRY ELEMENTS (KOHA) | |
| -- | 30 |
| Withdrawn status | Lost status | Source of classification or shelving scheme | Damaged status | Not for loan | Collection code | Home library | Current library | Shelving location | Date acquired | Vendor Name | SGTU | Total Checkouts | Total Renewals | Full call number | Accession No. (Barcode) | Date last seen | Date last borrowed | Bill Date | Koha item type | Cost, normal purchase price | Bill Number |
|---|---|---|---|---|---|---|---|---|---|---|---|---|---|---|---|---|---|---|---|---|---|
| Dewey Decimal Classification | COMMERCE MANAGEMENT | SGT Science & Social Sciences Library | SGT Science & Social Sciences Library | Text Book | 08/07/2016 | GIFT BY DR. DILIP SINGH | SGTU | 9 | 1 | 1.4 KUM | CM269 | 18/04/2023 | 10/04/2023 | 24/03/2015 | FCM Books | ||||||
| Dewey Decimal Classification | COMMERCE MANAGEMENT | SGT Science & Social Sciences Library | SGT Science & Social Sciences Library | On Display | 18/01/2017 | INDIAN PUBLISHERS & DISTRIBUTORS | SGTU | 27 | 1 | 1.4 KUM | CM3364 | 10/04/2024 | 01/04/2024 | 20/12/2016 | FCM Books | 550.00 | 117 | ||||
| Dewey Decimal Classification | COMMERCE MANAGEMENT | SGT Science & Social Sciences Library | SGT Science & Social Sciences Library | On Display | 18/01/2017 | INDIAN PUBLISHERS & DISTRIBUTORS | SGTU | 15 | 1.4 KUM | CM3365 | 23/11/2023 | 22/11/2023 | 20/12/2016 | FCM Books | 550.00 | 117 |